El sistema de producción de Toyota

Gespeichert in:
Bibliographische Detailangaben
1. Verfasser: Monden, Yasuhiro
Format: Buch
Veröffentlicht: Buenos Aires, Argentina : Macchi 1990
Schlagworte:
Tags: Tag hinzufügen
Keine Tags, Fügen Sie den ersten Tag hinzu!

MARC

LEADER 00000nam a2200000Ia 4500
003 L000506
005 20221231144020.0
008 140114s1990 a a 000 ||s d
040 |c cru CEDI 
082 |a 629.2 M741s 
100 |a Monden, Yasuhiro  |9 18670 
245 |a El sistema de producción de Toyota  
260 |a  Buenos Aires, Argentina : Macchi  |c 1990 
300 |a  xi, 274 páginas : ilustraciones  
650 |x AUTOMOVILES   |x ARGENTINA  |9 18671 
942 |2 ddc  |c BK 
999 |c 15642  |d 15642